zpět

Detail výsledku týmu

Pod Jasanem, Rokycany

Datum a čas kvízu

30 Celkem bodů Celkový počet nahraných bodů na tomto kvízu bez doplňovacích otázek.
3. Pořadí na kvízu Konečné umístění týmu na tomto kvízu.

Zaznamenané odpovědi

# Otázka Odpověď Body Výsledky
1. Že vánoční punk není mrtvý, má... Bruntál 1
2. Premiér jisté země byl minulý... o Izraeli 0
3. V pražské O2 aréně se 3. prosi... Petr Čech 1
4. Česká národní banka minulý týd... Karel Engliš 0
5. Novým trenérem Tottenhamu Hots... Mauricio Pochettino 0
6. Toto téma minulý týden zvítězi... Vídeň, 1996 1
7. Nespočet hlášek má na svém kon... Thierry Henry 1
8. Televize Nova a sportovní přen... Václav Tittelbach, Pavel Poulíček 1
9. Autorem mnoha legendárních hlá... Nemecký/Německý 1
10. Jak se nazývá švédské lyžařské... Åre 1